[Event "High League 2022 men"]
[Site "Obninsk"]
[Date "2022.06.28"]
[Round "3.18"]
[White "Obgolts, Erik"]
[Black "Ponkratov, Pavel"]
[Result "1/2-1/2"]
[LiveChessVersion "1.4.7"]
[BlackElo "2631"]
[WhiteElo "2435"]

1. d4 {[%clk 1:30:57]} Nf6 {[%clk 1:30:55]} 2. Nf3 {[%clk 1:31:23]} d6
{[%clk 1:31:11]} 3. g3 {[%clk 1:29:37]} b5 {[%clk 1:31:37]} 4. Bg2
{[%clk 1:29:55]} a5 {[%clk 1:32:03]} 5. O-O {[%clk 1:20:29]} e6 {[%clk 1:32:28]}
6. a4 {[%clk 1:12:23]} b4 {[%clk 1:32:52]} 7. c4 {[%clk 1:12:49]} Bb7
{[%clk 1:33:19]} 8. Nbd2 {[%clk 1:11:43]} Be7 {[%clk 1:33:42]} 9. b3
{[%clk 1:11:57]} Nbd7 {[%clk 1:33:17]} 10. Bb2 {[%clk 1:10:05]} c5
{[%clk 1:33:13]} 11. Qc2 {[%clk 1:02:21]} O-O {[%clk 1:32:00]} 12. e4
{[%clk 1:01:49]} cxd4 {[%clk 1:32:21]} 13. Nxd4 {[%clk 1:02:00]} Qb6
{[%clk 1:31:32]} 14. Nb5 {[%clk 0:54:45]} Rac8 {[%clk 1:31:50]} 15. Bd4
{[%clk 0:52:58]} Nc5 {[%clk 1:31:31]} 16. Rad1 {[%clk 0:45:40]} e5
{[%clk 1:31:24]} 17. Be3 {[%clk 0:39:11]} Ng4 {[%clk 1:31:37]} 18. Bxc5
{[%clk 0:39:16]} Qxc5 {[%clk 1:32:02]} 19. h3 {[%clk 0:38:43]} Nf6
{[%clk 1:30:29]} 20. Rfe1 {[%clk 0:38:25]} h5 {[%clk 1:30:27]} 21. h4
{[%clk 0:37:22]} Bc6 {[%clk 1:30:36]} 22. Qd3 {[%clk 0:31:42]} Ng4
{[%clk 1:27:51]} 23. Re2 {[%clk 0:31:34]} Bd8 {[%clk 1:25:46]} 24. Nf1
{[%clk 0:28:43]} Bb6 {[%clk 1:25:03]} 25. Ne3 {[%clk 0:27:13]} Rcd8
{[%clk 1:24:04]} 26. Nxg4 {[%clk 0:22:52]} hxg4 {[%clk 1:24:29]} 27. Kh2
{[%clk 0:19:02]} Rfe8 {[%clk 1:20:44]} 28. Red2 {[%clk 0:16:24]} Re6
{[%clk 1:21:08]} 29. Qe2 {[%clk 0:16:35]} Rf6 {[%clk 1:21:28]} 30. Rf1
{[%clk 0:16:38]} Bd7 {[%clk 1:21:00]} 31. Rd5 {[%clk 0:13:22]} Qc6
{[%clk 1:20:21]} 32. Qd2 {[%clk 0:11:26]} Bc5 {[%clk 1:11:59]} 33. f4
{[%clk 0:10:16]} gxf3 {[%clk 1:08:28]} 34. Rxf3 {[%clk 0:10:40]} Rxf3
{[%clk 1:08:53]} 35. Bxf3 {[%clk 0:11:07]} Qb6 {[%clk 1:09:18]} 36. Qe2
{[%clk 0:09:47]} Bc6 {[%clk 1:08:29]} 37. Rd1 {[%clk 0:10:12]} Qb7
{[%clk 1:08:53]} 38. Bg2 {[%clk 0:10:28]} Qe7 {[%clk 1:09:07]} 39. Qh5
{[%clk 0:08:29]} Rb8 {[%clk 1:02:21]} 40. Rf1 {[%clk 0:37:52]} Rf8
{[%clk 1:32:24]} 41. Rd1 {[%clk 0:32:34]} Rd8 {[%clk 1:28:58]} 42. Rf1
{[%clk 0:32:26]} Qb7 {[%clk 1:28:53]} 43. Qg4 {[%clk 0:32:11]} Re8
{[%clk 1:28:46]} 44. Qe2 {[%clk 0:29:36]} Re6 {[%clk 1:28:11]} 45. g4
{[%clk 0:28:40]} Rf6 {[%clk 1:18:16]} 46. Rxf6 {[%clk 0:28:18]} gxf6
{[%clk 1:18:42]} 47. Qf3 {[%clk 0:28:37]} Qe7 {[%clk 1:18:50]} 48. Kg3
{[%clk 0:28:26]} Kg7 {[%clk 1:19:15]} 49. Qd3 {[%clk 0:28:02]} Qd8
{[%clk 1:19:21]} 50. Qd2 {[%clk 0:27:27]} Bb7 {[%clk 1:19:43]} 51. Qd3
{[%clk 0:26:18]} Qb6 {[%clk 1:17:43]} 52. Kh3 {[%clk 0:26:23]} Bc8
{[%clk 1:18:00]} 53. Qd1 {[%clk 0:24:58]} Be6 {[%clk 1:17:00]} 54. Qd3
{[%clk 0:24:55]} Kf8 {[%clk 1:17:21]} 55. Bf3 {[%clk 0:24:53]} Ke7
{[%clk 1:17:30]} 56. Kg2 {[%clk 0:25:15]} Qb8 {[%clk 1:16:46]} 57. Qd2
{[%clk 0:24:57]} Qd8 {[%clk 1:16:25]} 58. Bd1 {[%clk 0:22:04]} Qc8
{[%clk 1:16:16]} 59. Kg3 {[%clk 0:21:31]} Qc6 {[%clk 1:15:09]} 60. Bf3
{[%clk 0:21:56]} Qb6 {[%clk 1:15:21]} 61. Kg2 {[%clk 0:21:24]} Be3
{[%clk 1:11:16]} 62. Qe2 {[%clk 0:21:20]} Kd7 {[%clk 1:02:34]} 63. Qe1
{[%clk 0:20:46]} Ke7 {[%clk 0:57:56]} 64. Qe2 {[%clk 0:21:11]} Bc5
{[%clk 0:58:22]} 65. Qd2 {[%clk 0:21:37]} Qc6 {[%clk 0:58:49]} 66. Kg3
{[%clk 0:21:01]} Bb6 {[%clk 0:59:09]} 67. Qd1 {[%clk 0:18:51]} Qc5
{[%clk 0:58:27]} 68. Qe1 {[%clk 0:18:18]} Kf8 {[%clk 0:56:46]} 69. Kh3
{[%clk 0:18:24]} Bd7 {[%clk 0:55:58]} 70. Kg3 {[%clk 0:18:01]} Kg8
{[%clk 0:54:33]} 71. Kh3 {[%clk 0:18:05]} Kg7 {[%clk 0:54:59]} 72. Kg3
{[%clk 0:18:00]} Bxb5 {[%clk 0:54:44]} 73. cxb5 {[%clk 0:18:20]} Qc2
{[%clk 0:55:07]} 74. Qd1 {[%clk 0:15:26]} Qf2+ {[%clk 0:55:22]} 75. Kh3
{[%clk 0:15:52]} Qe3 {[%clk 0:55:43]} 76. Kg2 {[%clk 0:15:42]} Bd4
{[%clk 0:54:21]} 77. Kh3 {[%clk 0:13:47]} Bc5 {[%clk 0:53:32]} 78. Kg2
{[%clk 0:14:07]} d5 {[%clk 0:53:47]} 79. Qe2 {[%clk 0:14:31]} Qxb3
{[%clk 0:51:50]} 80. exd5 {[%clk 0:14:58]} Qb1 {[%clk 0:50:16]} 81. Be4
{[%clk 0:14:44]} Qg1+ {[%clk 0:50:03]} 82. Kh3 {[%clk 0:14:54]} b3
{[%clk 0:50:16]} 83. Qg2 {[%clk 0:13:53]} Qe1 {[%clk 0:48:31]} 84. g5
{[%clk 0:13:26]} f5 {[%clk 0:48:52]} 85. Bxf5 {[%clk 0:13:16]} Bf2
{[%clk 0:48:42]} 86. Qe4 {[%clk 0:12:50]} Qc3+ {[%clk 0:45:15]} 87. Qd3
{[%clk 0:13:07]} Qb4 {[%clk 0:45:38]} 88. Qe4 {[%clk 0:13:32]} Bd4
{[%clk 0:45:55]} 89. Qf3 {[%clk 0:13:03]} b2 {[%clk 0:39:31]} 90. Bb1
{[%clk 0:13:23]} Qe1 {[%clk 0:39:48]} 91. Qf6+ {[%clk 0:08:52]} Kg8
{[%clk 0:40:14]} 92. Qd8+ {[%clk 0:07:43]} 1/2-1/2

[Event "High League 2022 men"]
[Site "Obninsk"]
[Date "2022.06.28"]
[Round "3.19"]
[White "Paravyan, David"]
[Black "Shapiro, David"]
[Result "1/2-1/2"]
[LiveChessVersion "1.4.7"]
[BlackElo "2393"]
[WhiteElo "2620"]

1. e4 {[%clk 1:30:57]} e5 {[%clk 1:30:51]} 2. Nf3 {[%clk 1:31:23]} Nf6
{[%clk 1:31:16]} 3. Nxe5 {[%clk 1:31:49]} d6 {[%clk 1:31:39]} 4. Nf3
{[%clk 1:32:17]} Nxe4 {[%clk 1:32:04]} 5. d4 {[%clk 1:32:45]} d5 {[%clk 1:32:24]}
6. Bd3 {[%clk 1:33:13]} Bd6 {[%clk 1:32:45]} 7. O-O {[%clk 1:33:39]} O-O
{[%clk 1:33:05]} 8. c4 {[%clk 1:34:07]} c6 {[%clk 1:33:26]} 9. Qc2
{[%clk 1:34:34]} Na6 {[%clk 1:33:28]} 10. a3 {[%clk 1:35:01]} f5 {[%clk 1:33:24]}
11. cxd5 {[%clk 1:35:08]} cxd5 {[%clk 1:33:20]} 12. Nc3 {[%clk 1:35:33]} Nc7
{[%clk 1:32:46]} 13. Ne5 {[%clk 1:35:33]} Ne6 {[%clk 1:21:04]} 14. Be3
{[%clk 1:35:28]} f4 {[%clk 1:06:09]} 15. Nxd5 {[%clk 1:34:17]} N4g5
{[%clk 1:05:32]} 16. Nxf4 {[%clk 1:30:42]} Nxf4 {[%clk 1:01:58]} 17. Bxf4
{[%clk 1:30:28]} Rxf4 {[%clk 1:02:16]} 18. Bxh7+ {[%clk 1:30:04]} Kh8
{[%clk 0:54:16]} 19. Ng6+ {[%clk 1:28:36]} Kxh7 {[%clk 0:54:41]} 20. Nxf4+
{[%clk 1:28:55]} Kg8 {[%clk 0:50:57]} 21. Qb3+ {[%clk 1:11:17]} Nf7
{[%clk 0:44:21]} 22. Ng6 {[%clk 0:40:03]} Qf6 {[%clk 0:33:25]} 23. Ne5
{[%clk 0:40:24]} Be6 {[%clk 0:33:36]} 24. Qxb7 {[%clk 0:39:20]} Rb8
{[%clk 0:32:38]} 25. Qc6 {[%clk 0:34:13]} Rc8 {[%clk 0:20:30]} 26. Qe4
{[%clk 0:19:56]} Bf5 {[%clk 0:16:08]} 27. Qe3 {[%clk 0:12:32]} Nxe5
{[%clk 0:14:40]} 28. dxe5 {[%clk 0:12:59]} Qxe5 {[%clk 0:12:48]} 29. Qxe5
{[%clk 0:11:15]} Bxe5 {[%clk 0:13:17]} 30. Rad1 {[%clk 0:04:08]} Bxb2
{[%clk 0:13:00]} 31. Rd5 {[%clk 0:04:31]} Be6 {[%clk 0:09:33]} 32. Ra5
{[%clk 0:01:45]} Bd4 {[%clk 0:09:23]} 33. Ra4 {[%clk 0:01:06]} Bb6
{[%clk 0:06:26]} 34. Re4 {[%clk 0:00:49]} Bb3 {[%clk 0:03:22]} 35. h4
{[%clk 0:00:32]} a5 36. Rfe1 {[%clk 0:00:35]} a4 {[%clk 0:01:55]} 37. Rg4
{[%clk 0:00:35]} Rf8 38. Re7 Rf7 {[%clk 0:01:06]} 39. Re8+ {[%clk 0:00:35]} Kh7
{[%clk 0:01:12]} 40. Rg5 {[%clk 0:30:33]} Rxf2 {[%clk 0:30:37]} 41. Kh2
{[%clk 0:26:17]} Bd4 {[%clk 0:21:15]} 42. Re4 {[%clk 0:11:55]} Bb2 43. Ra5
{[%clk 0:12:18]} Bxa3 {[%clk 0:10:21]} 44. Raxa4 {[%clk 0:12:18]} Bxa4
{[%clk 0:10:43]} 45. Rxa4 {[%clk 0:12:44]} Bd6+ {[%clk 0:10:54]} 46. Kh3
{[%clk 0:13:10]} Kg6 {[%clk 0:10:49]} 47. Rg4+ {[%clk 0:08:38]} Kf6
{[%clk 0:10:46]} 48. g3 {[%clk 0:06:55]} Be5 {[%clk 0:09:42]} 49. Rg5
{[%clk 0:06:25]} Rc2 {[%clk 0:07:32]} 50. Kg4 {[%clk 0:06:43]} Rc3
{[%clk 0:07:16]} 51. Kh3 {[%clk 0:04:16]} Rd3 {[%clk 0:06:52]} 52. Kg2
{[%clk 0:03:49]} Ke6 53. Kh3 {[%clk 0:00:32]} Bf6 {[%clk 0:06:35]} 54. Rh5
{[%clk 0:00:41]} Ra3 {[%clk 0:00:56]} 55. Kg2 {[%clk 0:00:46]} Rd3
{[%clk 0:00:41]} 56. Kh3 {[%clk 0:00:49]} g6 {[%clk 0:00:51]} 57. Rh6
{[%clk 0:01:10]} Kf5 {[%clk 0:00:41]} 58. Kg2 {[%clk 0:01:33]} Bg7
{[%clk 0:00:37]} 59. g4+ {[%clk 0:01:55]} Kf6 {[%clk 0:00:41]} 60. Rh7
{[%clk 0:02:20]} Rd8 {[%clk 0:00:35]} 61. g5+ {[%clk 0:02:11]} Kf7
{[%clk 0:00:59]} 62. h5 {[%clk 0:02:37]} gxh5 {[%clk 0:01:11]} 63. Rxh5
{[%clk 0:03:03]} Kg6 {[%clk 0:01:40]} 64. Rh3 {[%clk 0:03:21]} Be5
{[%clk 0:02:02]} 65. Rb3 {[%clk 0:03:06]} Kxg5 {[%clk 0:02:23]} 66. Kf3
{[%clk 0:03:18]} Kf5 {[%clk 0:02:48]} 67. Rb7 {[%clk 0:03:14]} Rd3+
{[%clk 0:03:13]} 68. Ke2 {[%clk 0:03:42]} Ra3 {[%clk 0:03:38]} 69. Re7
{[%clk 0:03:53]} Ke4 {[%clk 0:04:01]} 70. Re8 {[%clk 0:04:18]} Ra2+
{[%clk 0:04:14]} 71. Ke1 {[%clk 0:04:42]} Rb2 {[%clk 0:04:08]} 72. Re7
{[%clk 0:05:09]} Kd4 {[%clk 0:04:19]} 73. Kf1 {[%clk 0:05:35]} Bf4
{[%clk 0:04:39]} 74. Re2 {[%clk 0:06:01]} Rb1+ {[%clk 0:04:02]} 75. Kg2
{[%clk 0:06:23]} Kd3 {[%clk 0:04:24]} 76. Ra2 {[%clk 0:06:04]} Be3
{[%clk 0:04:39]} 77. Kf3 {[%clk 0:06:13]} Rf1+ {[%clk 0:04:50]} 78. Kg4
{[%clk 0:06:38]} Ke4 {[%clk 0:04:21]} 79. Ra4+ {[%clk 0:07:03]} Bd4
{[%clk 0:04:41]} 80. Rb4 {[%clk 0:07:29]} Ra1 {[%clk 0:04:33]} 81. Kh4
{[%clk 0:06:32]} Ra8 {[%clk 0:03:55]} 82. Kg4 {[%clk 0:06:55]} Rg8+
{[%clk 0:03:15]} 83. Kh4 {[%clk 0:07:20]} Ke5 {[%clk 0:02:39]} 84. Kh3
{[%clk 0:07:46]} Be3 {[%clk 0:01:56]} 85. Rg4 {[%clk 0:08:11]} Rxg4
{[%clk 0:02:20]} 86. Kxg4 {[%clk 0:08:37]} 1/2-1/2

[Event "High League 2022 men"]
[Site "Obninsk"]
[Date "2022.06.28"]
[Round "3.20"]
[White "Tsvetkov, Andrey"]
[Black "Rozum, Ivan"]
[Result "1-0"]
[LiveChessVersion "1.4.7"]
[BlackElo "2530"]
[WhiteElo "2398"]

1. d4 {[%clk 1:30:43]} Nf6 {[%clk 1:30:41]} 2. c4 {[%clk 1:31:08]} e6
{[%clk 1:31:07]} 3. Nc3 {[%clk 1:31:33]} Bb4 {[%clk 1:31:32]} 4. e3
{[%clk 1:31:59]} O-O {[%clk 1:31:48]} 5. Bd3 {[%clk 1:32:25]} d5 {[%clk 1:30:21]}
6. cxd5 {[%clk 1:32:45]} exd5 {[%clk 1:30:42]} 7. a3 {[%clk 1:33:12]} Bd6
{[%clk 1:29:07]} 8. Qc2 {[%clk 1:33:37]} c6 {[%clk 1:24:18]} 9. Nge2
{[%clk 1:34:03]} Re8 {[%clk 1:24:09]} 10. Bd2 {[%clk 1:34:28]} Nbd7
{[%clk 1:19:52]} 11. f3 {[%clk 1:34:54]} c5 {[%clk 1:18:38]} 12. h4
{[%clk 1:35:20]} h5 {[%clk 1:10:00]} 13. O-O-O {[%clk 1:34:54]} a6
{[%clk 1:09:24]} 14. g4 {[%clk 1:34:59]} hxg4 {[%clk 1:04:48]} 15. fxg4
{[%clk 1:35:24]} Nxg4 {[%clk 1:03:08]} 16. Rhg1 {[%clk 1:30:55]} Ndf6
{[%clk 1:01:20]} 17. h5 {[%clk 1:29:13]} Qe7 {[%clk 0:55:04]} 18. Kb1
{[%clk 1:00:07]} c4 {[%clk 0:33:13]} 19. Bf5 {[%clk 0:57:25]} Nxe3
{[%clk 0:33:31]} 20. Bxe3 {[%clk 0:53:45]} Qxe3 {[%clk 0:33:59]} 21. Bxc8
{[%clk 0:42:56]} Raxc8 {[%clk 0:34:20]} 22. Qf5 {[%clk 0:42:14]} Re6
{[%clk 0:30:20]} 23. Ka1 {[%clk 0:38:16]} Kh8 {[%clk 0:21:21]} 24. Rg5
{[%clk 0:35:00]} Rce8 {[%clk 0:21:04]} 25. Rg2 {[%clk 0:31:29]} b5
{[%clk 0:18:17]} 26. Rdg1 {[%clk 0:26:35]} Qd3 {[%clk 0:18:16]} 27. Qg5
{[%clk 0:23:18]} Bf8 {[%clk 0:18:26]} 28. Nf4 {[%clk 0:11:25]} Re1+
{[%clk 0:17:03]} 29. Ka2 {[%clk 0:11:54]} Qh7 {[%clk 0:12:51]} 30. Nfxd5
{[%clk 0:10:13]} a5 {[%clk 0:04:49]} 31. Rxe1 {[%clk 0:07:16]} Rxe1
{[%clk 0:05:12]} 32. Qg3 {[%clk 0:07:34]} Re8 {[%clk 0:03:38]} 33. Nxf6
{[%clk 0:04:40]} gxf6 {[%clk 0:04:06]} 34. Nd5 {[%clk 0:04:48]} b4
{[%clk 0:03:39]} 35. Nxf6 {[%clk 0:03:09]} b3+ {[%clk 0:04:08]} 36. Ka1
{[%clk 0:03:38]} Bd6 {[%clk 0:04:29]} 37. Qf2 {[%clk 0:02:25]} Qd3
{[%clk 0:04:33]} 38. Qg1 {[%clk 0:02:06]} Bg3 {[%clk 0:04:35]} 39. Rxg3
{[%clk 0:02:16]} 1-0

[Event "High League 2022 men"]
[Site "Obninsk"]
[Date "2022.06.28"]
[Round "3.21"]
[White "Kotenko, Pavel"]
[Black "Makarian, Rudik"]
[Result "1-0"]
[LiveChessVersion "1.4.7"]
[BlackElo "2534"]
[WhiteElo "2323"]

1. e4 {[%clk 1:30:57]} e5 {[%clk 1:27:04]} 2. Nf3 {[%clk 1:31:20]} Nc6
{[%clk 1:27:31]} 3. Bb5 {[%clk 1:31:26]} a6 {[%clk 1:27:55]} 4. Ba4
{[%clk 1:31:36]} Bc5 {[%clk 1:28:21]} 5. c3 {[%clk 1:31:26]} Nge7
{[%clk 1:28:46]} 6. d4 {[%clk 1:31:36]} exd4 {[%clk 1:29:11]} 7. cxd4
{[%clk 1:31:59]} Bb4+ {[%clk 1:29:39]} 8. Bd2 {[%clk 1:32:02]} Bxd2+
{[%clk 1:29:56]} 9. Nbxd2 {[%clk 1:30:02]} d5 {[%clk 1:30:20]} 10. e5
{[%clk 1:29:43]} O-O {[%clk 1:28:33]} 11. O-O {[%clk 1:29:32]} Bf5
{[%clk 1:28:39]} 12. Bxc6 {[%clk 1:24:31]} Nxc6 {[%clk 1:28:28]} 13. Rc1
{[%clk 1:19:04]} Nb4 {[%clk 1:19:44]} 14. Qb3 {[%clk 1:10:28]} Nd3
{[%clk 1:20:04]} 15. Rc3 {[%clk 1:07:49]} Nf4 {[%clk 1:20:27]} 16. Re1
{[%clk 0:59:14]} b6 {[%clk 1:18:52]} 17. g3 {[%clk 0:43:29]} Ne6 {[%clk 1:18:55]}
18. Rc6 {[%clk 0:40:57]} Qd7 {[%clk 1:11:31]} 19. Rec1 {[%clk 0:37:56]} Nc5
{[%clk 1:08:09]} 20. R6xc5 {[%clk 0:37:48]} bxc5 {[%clk 1:08:36]} 21. Rxc5
{[%clk 0:38:11]} Rab8 {[%clk 1:08:22]} 22. Qc3 {[%clk 0:34:09]} Rfc8
{[%clk 1:00:04]} 23. b4 {[%clk 0:29:49]} Rb5 {[%clk 0:55:19]} 24. Nb3
{[%clk 0:23:53]} h6 {[%clk 0:53:41]} 25. a3 {[%clk 0:20:31]} Bh3 {[%clk 0:52:50]}
26. Nfd2 {[%clk 0:18:05]} h5 {[%clk 0:44:53]} 27. Qe3 {[%clk 0:13:37]} a5
{[%clk 0:32:30]} 28. Rxb5 {[%clk 0:09:30]} Qxb5 {[%clk 0:32:02]} 29. Nxa5
{[%clk 0:09:48]} c5 {[%clk 0:32:12]} 30. dxc5 {[%clk 0:08:46]} d4
{[%clk 0:31:30]} 31. Qf3 {[%clk 0:06:01]} Re8 {[%clk 0:22:43]} 32. Nac4
{[%clk 0:05:11]} Qa4 {[%clk 0:20:47]} 33. Qxh5 {[%clk 0:04:08]} Be6
{[%clk 0:20:54]} 34. Nd6 {[%clk 0:02:53]} Qc2 {[%clk 0:19:52]} 35. N2e4
{[%clk 0:02:23]} Bd5 {[%clk 0:18:09]} 36. f3 {[%clk 0:01:53]} Qd1+
{[%clk 0:14:03]} 37. Kg2 {[%clk 0:01:50]} Qe2+ {[%clk 0:14:00]} 38. Kh3
{[%clk 0:00:56]} Be6+ {[%clk 0:01:46]} 39. Kh4 {[%clk 0:01:22]} Ra8
{[%clk 0:00:52]} 40. h3 {[%clk 0:31:14]} Qc2 {[%clk 0:31:09]} 41. Ng5
{[%clk 0:26:35]} Rf8 {[%clk 0:29:19]} 42. c6 {[%clk 0:24:03]} Bf5
{[%clk 0:28:46]} 43. Ndxf7 {[%clk 0:20:17]} Bh7 {[%clk 0:29:14]} 44. e6
{[%clk 0:17:25]} Qf5 {[%clk 0:29:19]} 1-0

[Event "High League 2022 men"]
[Site "Obninsk"]
[Date "2022.06.28"]
[Round "3.22"]
[White "Shchukin, Maksim"]
[Black "Ekdyshman, Mikhail"]
[Result "1-0"]
[LiveChessVersion "1.4.7"]
[BlackElo "2307"]
[WhiteElo "2361"]

1. e4 {[%clk 1:29:39]} c5 {[%clk 1:29:11]} 2. Nf3 {[%clk 1:30:04]} d6
{[%clk 1:28:13]} 3. d4 {[%clk 1:30:28]} cxd4 {[%clk 1:28:39]} 4. Nxd4
{[%clk 1:30:55]} Nf6 {[%clk 1:29:03]} 5. Nc3 {[%clk 1:31:21]} a6 {[%clk 1:29:28]}
6. Be3 {[%clk 1:31:31]} e6 {[%clk 1:29:28]} 7. Be2 {[%clk 1:31:49]} Be7
{[%clk 1:29:46]} 8. f4 {[%clk 1:31:49]} O-O {[%clk 1:28:19]} 9. g4
{[%clk 1:30:55]} d5 {[%clk 1:26:16]} 10. e5 {[%clk 1:30:00]} Ne4 {[%clk 1:22:58]}
11. Nxe4 {[%clk 1:30:20]} dxe4 {[%clk 1:23:26]} 12. O-O {[%clk 1:30:11]} Qc7
{[%clk 1:19:02]} 13. c3 {[%clk 1:21:42]} b6 {[%clk 1:18:44]} 14. Qe1
{[%clk 1:05:27]} Nd7 {[%clk 1:10:01]} 15. Qg3 {[%clk 1:01:28]} Bb7
{[%clk 1:09:51]} 16. Bd1 {[%clk 0:56:53]} Bd5 {[%clk 1:03:50]} 17. Bb3
{[%clk 0:54:27]} Bxb3 {[%clk 1:00:38]} 18. axb3 {[%clk 0:54:03]} Rfe8
{[%clk 1:01:06]} 19. Qg2 {[%clk 0:46:29]} Qb7 {[%clk 1:01:18]} 20. b4
{[%clk 0:43:56]} Bf8 {[%clk 1:00:19]} 21. Rae1 {[%clk 0:33:43]} a5
{[%clk 0:51:09]} 22. b5 {[%clk 0:31:40]} Qd5 {[%clk 0:50:46]} 23. Qe2
{[%clk 0:16:17]} Rec8 {[%clk 0:47:12]} 24. Rd1 {[%clk 0:13:04]} Nc5
{[%clk 0:45:21]} 25. c4 {[%clk 0:12:43]} Qb7 {[%clk 0:44:47]} 26. Nc6
{[%clk 0:12:57]} Rxc6 {[%clk 0:37:32]} 27. bxc6 {[%clk 0:13:18]} Qxc6
{[%clk 0:37:59]} 28. Bxc5 {[%clk 0:13:34]} Bxc5+ {[%clk 0:37:55]} 29. Kg2
{[%clk 0:13:56]} Rc8 {[%clk 0:37:24]} 30. Kg3 {[%clk 0:10:02]} Rf8
{[%clk 0:23:12]} 31. Rfe1 {[%clk 0:09:50]} e3 {[%clk 0:23:20]} 32. b3
{[%clk 0:05:10]} a4 {[%clk 0:11:30]} 33. bxa4 {[%clk 0:05:20]} Qxa4
{[%clk 0:11:58]} 34. Rd3 {[%clk 0:05:13]} h6 {[%clk 0:08:08]} 35. Red1
{[%clk 0:04:33]} Qa8 {[%clk 0:06:10]} 36. Qf3 {[%clk 0:04:28]} Kh7
{[%clk 0:03:03]} 37. Re1 {[%clk 0:03:30]} Rc8 {[%clk 0:01:09]} 38. Rd7
{[%clk 0:03:27]} Kg8 {[%clk 0:01:13]} 39. f5 {[%clk 0:02:59]} Qb8
{[%clk 0:01:08]} 40. Qe4 {[%clk 0:32:23]} Re8 {[%clk 0:30:54]} 41. fxe6
{[%clk 0:06:52]} Rxe6 {[%clk 0:30:35]} 42. Rd5 {[%clk 0:07:16]} f6
{[%clk 0:23:37]} 43. Red1 {[%clk 0:07:00]} Re8 {[%clk 0:09:14]} 44. Kg2
{[%clk 0:04:44]} fxe5 {[%clk 0:09:31]} 45. Rf1 {[%clk 0:03:52]} Qb7
{[%clk 0:06:21]} 46. Rf5 {[%clk 0:02:38]} Qa8 {[%clk 0:04:46]} 47. Rfxe5
{[%clk 0:01:34]} Rf8 {[%clk 0:04:14]} 48. Kh3 {[%clk 0:01:04]} Qa3
{[%clk 0:03:22]} 49. Rd3 {[%clk 0:01:27]} Qa8 {[%clk 0:00:53]} 50. Qd5+
{[%clk 0:00:36]} Kh7 {[%clk 0:00:54]} 51. Qxa8 {[%clk 0:00:35]} Rxa8
{[%clk 0:01:23]} 52. Re4 {[%clk 0:00:37]} Ra2 {[%clk 0:00:37]} 53. Kg3
{[%clk 0:00:40]} Rd2 {[%clk 0:00:37]} 54. Rd5 {[%clk 0:00:35]} Rc2
{[%clk 0:00:48]} 55. h4 {[%clk 0:00:35]} Rc3 {[%clk 0:00:39]} 56. Kg2
{[%clk 0:00:34]} Rc2+ {[%clk 0:01:08]} 57. Kf3 {[%clk 0:00:54]} Rf2+
{[%clk 0:01:28]} 58. Kg3 {[%clk 0:01:16]} Rf6 {[%clk 0:00:47]} 59. h5
{[%clk 0:00:39]} Bd6+ {[%clk 0:01:02]} 60. Kh4 {[%clk 0:00:33]} Bc5
{[%clk 0:00:41]} 61. Rf5 {[%clk 0:00:32]} Rc6 {[%clk 0:00:31]} 62. Kg3
{[%clk 0:00:42]} Rc8 {[%clk 0:00:50]} 63. Kg2 {[%clk 0:00:49]} Ra8
{[%clk 0:01:13]} 64. Re6 {[%clk 0:00:34]} Ra2+ {[%clk 0:01:39]} 65. Kg3
{[%clk 0:00:43]} Rd2 {[%clk 0:01:48]} 66. Rd5 {[%clk 0:00:40]} Kg8
{[%clk 0:01:39]} 67. Re8+ {[%clk 0:00:32]} Kf7 {[%clk 0:02:05]} 68. Rxd2
{[%clk 0:00:33]} Kxe8 {[%clk 0:00:52]} 69. Rd5 {[%clk 0:00:33]} Ke7
{[%clk 0:01:14]} 70. Kf3 {[%clk 0:00:54]} Ke6 {[%clk 0:01:23]} 71. Rf5
{[%clk 0:00:47]} Bd4 {[%clk 0:01:31]} 72. Rf4 {[%clk 0:00:37]} Bc5
{[%clk 0:01:52]} 73. Re4+ {[%clk 0:01:06]} Kf7 {[%clk 0:01:19]} 74. Re5
{[%clk 0:01:34]} Kf6 {[%clk 0:01:38]} 75. Ke4 {[%clk 0:02:01]} g6
{[%clk 0:01:07]} 76. Kd5 {[%clk 0:01:35]} gxh5 {[%clk 0:01:35]} 77. gxh5
{[%clk 0:02:04]} Kf7 {[%clk 0:01:10]} 78. Re6 {[%clk 0:02:27]} Kg7
{[%clk 0:01:31]} 79. Ke4 {[%clk 0:02:39]} Kh7 {[%clk 0:01:18]} 80. Kf5
{[%clk 0:03:04]} Kg7 {[%clk 0:01:24]} 81. Rg6+ {[%clk 0:03:32]} Kh7
{[%clk 0:01:31]} 82. Rg2 {[%clk 0:03:24]} Bb4 {[%clk 0:01:35]} 83. Kf6
{[%clk 0:03:32]} Bc3+ {[%clk 0:01:16]} 84. Kf7 {[%clk 0:04:00]} Be5
{[%clk 0:01:18]} 85. Rg4 {[%clk 0:03:53]} Bc3 {[%clk 0:01:12]} 86. Re4
{[%clk 0:04:11]} Bd2 {[%clk 0:01:26]} 87. Re6 {[%clk 0:04:36]} Bc1
{[%clk 0:00:55]} 88. Rxb6 {[%clk 0:04:38]} 1-0